| 000 -ლიდერი |
| ფიქსირებული სიგრძის საკონტროლო ველი |
01205nam a2200241Ia 4500 |
| 001 - საკონტროლო ნომერი |
| საკონტროლო ველი |
2832 |
| 003 - საკონტროლო ნომრის იდენტიფიკატორი |
| საკონტროლო ველი |
GE_BSU |
| 005 - ბოლო ოპერაციის თარიღი და დრო |
| საკონტროლო ველი |
20190611212123.0 |
| 008 - ფიქსირებული სიგრძის მონაცემთა ელემენტები - ზოგადი ინფორმაცია |
| ფიქსირებული სიგრძის საკონტროლო ველი |
181216s2009||||ge |||||||||||||| ||geo|| |
| 020 ## - წიგნის საერთაშორისო სტანდარტული ნომერი |
| International Standard Book Number |
978994106001 |
| 040 ## - კატალოგიზაციის წყარო |
| Transcribing agency |
GE_BSU |
| 041 ## - ენის კოდი |
| Language code of text/sound track or separate title |
geo |
| 080 ## - უნივერსალური ათობითი კლასიფიკაციის ინდექსი |
| Universal Decimal Classification number |
338.22(075.8)+338.436.33:63(075.8) ა–25 |
| 245 ## - ცნობა სათაურის შესახებ |
| Title |
აგრობიზნესი. ნაწ.1. : |
| Remainder of title |
დამხმ. სახელმძღვ. აგრ. უნ-ტის ყველა სპეც. სტუდ. / |
| Statement of responsibility, etc |
ს. თურმანიძე, გ. ძაგნიძე, ი. ფალელაშვილი და სხვ.; გ. ძაგნიძის რედ. |
| 264 ## - წარმოების, გამოცემის, დისტრიბუციის და სხვა ცნობები |
| გამოცემის, წარმოების, დისტრიბუციის... ადგილი |
თბილისი : |
| გამოცემის, წარმოების, დისტრიბუციის... სახელწოდება |
საზ-ბა ცოდნა, |
| გამოცემის, წარმოების, დისტრიბუციის... თარიღი |
2009. |
| 300 ## - ფიზიკური აღწერა |
| Extent |
234 გვ. : |
| Other physical details |
ნახ., სქ. |
| Dimensions |
20 სმ. |
| 653 ## - INDEX TERM--UNCONTROLLED |
| Uncontrolled term |
აგრობიზნესი |
| 700 ## - ADDED ENTRY--PERSONAL NAME |
| Personal name |
თურმანიძე, ს. |
| Relator term |
ავტორი |
| 9 (RLIN) |
1807 |
| 700 ## - ADDED ENTRY--PERSONAL NAME |
| Personal name |
ძაგნიძე, გ. |
| Relator term |
ავტორი |
| 9 (RLIN) |
2433 |
| 700 ## - ADDED ENTRY--PERSONAL NAME |
| Personal name |
ფალელაშვილი, ი. და სხვ. |
| Relator term |
ავტორი |
| 9 (RLIN) |
2434 |
| 700 ## - ADDED ENTRY--PERSONAL NAME |
| Personal name |
ძაგნიძე, გ. |
| Relator term |
რედაქტორი |
| 9 (RLIN) |
2435 |
| 942 ## - ADDED ENTRY ELEMENTS (KOHA) |
| Koha item type |
წიგნი |
| Source of classification or shelving scheme |
|